J.J. "Jake" Pickle Federal Building : report (to accompany H.R. 118) (including cost estimate of the Congressional Budget Office).

Bibliographic Details
Corporate Author: United States. Congress. House. Committee on Transportation and Infrastructure
Format: Government Document eBook
Language:English
Published: [Washington, D.C.] : [U.S. G.P.O.], [1999]
Series:Report / 106th Congress, 1st session, House of Representatives ; 106-110
Subjects:
Online Access:Text version:
PDF version:

MARC

Tag First Indicator Second Indicator Subfields
LEADER 00000cam a2200000 a 4500
001 in00002782511
005 20151202172041.0
006 m d f
007 cr bn|||||||||
008 111124s1999 dcu o f000 0 eng c
035 |a (OCoLC)ocn762319936 
040 |a OCLCE  |b eng  |c OCLCE  |d GPO  |d MvI  |d UtOrBLW 
042 |a pcc 
043 |a n-us-tx 
049 |a WWW 
074 |a 1008-I (online) 
086 0 |a Y 1.1/8:106-110 
110 1 |a United States.  |b Congress.  |b House.  |b Committee on Transportation and Infrastructure. 
245 1 0 |a J.J. "Jake" Pickle Federal Building :  |b report (to accompany H.R. 118) (including cost estimate of the Congressional Budget Office). 
264 1 |a [Washington, D.C.] :  |b [U.S. G.P.O.],  |c [1999] 
300 |a 1 online resource (4 pages). 
336 |a text  |b txt  |2 rdacontent 
337 |a computer  |b c  |2 rdamedia 
338 |a online resource  |b cr  |2 rdacarrier 
490 1 |a Report / 106th Congress, 1st session, House of Representatives ;  |v 106-110 
500 |a Title from title screen (viewed on Oct. 26, 2012). 
500 |a "April 27, 1999." 
500 |a Electronic resource. 
610 2 0 |a J.J. "Jake" Pickle Federal Building (Austin, Tex.) 
650 0 |a Public buildings  |z Texas  |z Austin. 
776 0 8 |i Print version:  |a United States. Congress. House. Committee on Transportation and Infrastructure.  |t J.J. "Jake" Pickle Federal Building  |w (OCoLC)41500539 
810 1 |a United States.  |b Congress.  |b House.  |t Report ;  |v 106-110. 
856 4 0 |3 Text version:  |u http://purl.fdlp.gov/GPO/gpo30554  |t 0 
856 4 0 |3 PDF version:  |u http://purl.fdlp.gov/GPO/gpo30574  |t 0 
999 |a MARS 
999 f f |s d2b49402-bfcb-3aaf-b4b8-121cff9d4fde  |i 74825683-7df1-37ee-858f-35bb0527f2fe  |t 0 
952 f f |a Texas A&M University  |b College Station  |c Electronic Resources  |d Available Online  |t 0  |e Y 1.1/8:106-110  |h Superintendent of Documents classification 
998 f f |a Y 1.1/8:106-110  |t 0  |l Available Online